000 01780cam a22004214i 4500
003 PE-LiUPU
005 20250731183443.0
008 150706s r 000 0 d
035 _a(Sirsi) a53125
040 _aPE-LiUPU
_bspa
_cPE-LiUPU
_erda
049 _aPRUA
082 0 4 _a759.85
_bI5
_221
110 2 _aInstituto Cultural Peruano Norteamericano
245 1 0 _a70 aniversario ICPNA :
_bInstituto Cultural Peruano Norteamericano 1938-2008.
250 _a1a ed.
264 1 _aLima :
_bInstituto Cultural Peruano Norteamericano - ICPNA,
_c[2008].
300 _a207 páginas :
_bilustraciones ;
_c34 cm.
336 _atext
_2rdacontent
337 _aunmediated
_2rdamedia
338 _avolume
_2rdacarrier
505 0 _aCreación del ICPNA -- Se construye primera sede -- Lima se moderniza -- El hombre va a la luna -- Tiempo de expansión -- JAZZ, Danza y otras artes -- Mirando al mundo.
526 _aP158
526 _aP146
526 _aP17
526 _aP12
526 _aP06
610 2 _aInstituto Cultural Peruano Norteamericano (Lima)
_xHistoria.
650 0 4 _aInglés
_xEstudio y enseñanza
_zPerú
_xHistoria.
650 0 4 _aArte peruano
_ySiglo XX.
651 _aPerú
_xVida intelectual.
_93185
910 _agl
_clch
_d20131107
942 _2ddc
_cBOOK
949 _a759.85 I5
_wDEWEY
_c1
_i68417
_lCCODEBUL1
_mBUL
_p25.00
_r0
_sY
_tLIBRO
_u2015-07-06
_xBIBLIOTECA
_zUNKNOWN
_o.STAFF. Colección General
994 _aC0
_bPEPRU
596 _a1
999 _a759.85 I5
_wDEWEY
_c55806
_i68417
_f2021-11-10
_g7
_lCCODEBUL1
_mBUL
_p25.00
_r0
_sY
_tBOOK
_u2015-7-6
_xINGENIERIA
_zUNKNOWN
_0COMPRA
_o.STAFF. Colección General
_d55806
980 _81
_gALBERTO SANCHEZ Responsable de Automatización